000 00571nam a2200229Ia 4500
003 OSt
005 20220918192336.0
006 a|||||r|||| 00| 0
007 ta
008 220917b |||||||| |||| 00| 0 eng d
024 _a68,008
037 _cTextual
040 _aARTS
_cARTS
_beng
041 _2eng
_aeng
082 _a9073uN4, H3, H3;1
100 _aCurti Merle
_978999
245 0 _aGrowth of American thought
260 _c1942
650 _aGENERALIA
942 _h9073uN4, H3, H3;1
_cTEXL
_2CC
999 _c194222
_d194222